Olivia Dean - Man I Need Lyrics - Statistics

General Stats
  • This quiz has been taken 334 times
  • The average score is 310 of 377
Answer Stats
Answer % Correct
I
100%
I,
100%
me,
98%
me
98%
need
98%
need,
98%
you
97%
to
96%
be
95%
Be
95%
(be
95%
man
95%
man,
95%
man)
95%
the
95%
a
94%
it
94%
Talk
94%
talk
94%
come
90%
time
90%
like
89%
so,
89%
when
86%
wonder
83%
Already
82%
and
81%
on
81%
for
80%
your
80%
out
77%
place
77%
shy
77%
want
77%
wonderful
77%
can
76%
don't
76%
kinda
76%
know
76%
gave
75%
Just
75%
call
74%
got
74%
that
74%
up
73%
where
73%
lost
72%
making
72%
Tell
72%
tell
72%
leave
71%
spell
71%
my
70%
of
70%
alone
69%
in
69%
mind,
69%
give
68%
give,
68%
something
67%
you're
66%
can't
65%
type
65%
best
64%
friend
64%
it's
64%
we're
64%
Introduce
63%
baby
61%
baby,
61%
are
60%
all
59%
alchemy
56%
is,
52%
Nova
49%
then
49%
Bossa
48%
Looks
48%
night
48%
you've
48%
right
47%
far
46%
even
44%
Whatever
44%
ain't
43%
mm
43%
mm,
43%
Mm
43%
meant
42%
same
41%
stop
39%
satellite
38%
read
37%
between
36%
gotta
35%
lines
35%
get
34%
page
34%
but
33%
feel
33%
slot
32%
way
32%
let's
31%
sometimes
27%
with
27%
I'd
26%
think
26%
Hm
21%
No matching quizzes found
Score Distribution
Percent of People with Each Score
Percentile by Number Answered
Your Score History
You have not taken this quiz